Normal view
MARC view
- Albinoni Tomaso
Entry Personal Name
001 - CONTROL NUMBER
- control field: 5665
003 - CONTROL NUMBER IDENTIFIER
- control field: IT-RoPau
005 - DATE AND TIME OF LATEST TRANSACTION
- control field: 20131216215738.0
008 - FIXED-LENGTH DATA ELEMENTS
- fixed length control field: 131216|| aca||aabn | a|a d
040 ## - CATALOGING SOURCE
- Original cataloging agency: IT-RoPau
- Transcribing agency: IT-RoPau
100 ## - HEADING--PERSONAL NAME
- Personal name: Albinoni Tomaso
- Dates associated with a name: Codice autore musica SPICS: 7834
- Relator term: Autore musica
- Name of part/section of a work: Adagio in sol minore per archi e organo
670 ## - SOURCE DATA FOUND
- Source citation: Work cat.: (IT-RoPau)100052: AA.VV. 794, Pagine immortali (Lp Ocl 16049)